Metody pedagogického výzkumu Základy kvantitativního výzkumu, 2., aktualizované vydání

Saved in:
Bibliographic Details
Main Author Chráska, Miroslav
Format Electronic eBook
LanguageCzech
Published Grada 2016
Edition1. elektronické vydání
Subjects
Online AccessDostupné v BOOKPORT po přihlášení pomocí eduID
ISBN978-80-271-9225-0
978-80-247-5326-3
Physical Description1 online zdroj (256 stran)

Cover

LEADER 00000nam a2200000 i 4500
001 bkp8365
003 CZ-prgp
005 20170103190445.0
006 m o d
007 cr cn
008 170103s2016 xr o 000 0 cze
020 |a 978-80-271-9225-0  |c 288 Kč  |q (online ; pdf) 
020 |a 978-80-247-5326-3  |c 404 Kč  |q (print) 
040 |a Grada  |b cze  |e rda 
100 1 |a Chráska, Miroslav 
245 1 0 |a Metody pedagogického výzkumu  |b Základy kvantitativního výzkumu, 2., aktualizované vydání  |c Miroslav Chráska 
250 |a 1. elektronické vydání 
264 1 |b Grada  |c 2016 
300 |a 1 online zdroj (256 stran) 
336 |a text  |b txt  |2 rdacontent 
337 |a počítač  |b c  |2 rdamedia 
338 |a online zdroj  |b cr  |2 rdacarrier 
520 3 |a Aktualizovaná publikace renomovaného českého autora objasňuje podstatu klasického (kvantitativního) pedagogického výzkumu. Analyzuje jeho základní fáze, informační zdroje a také jeho výhody i nevýhody. Kniha je určena především studentům pedagogických oborů a pedagogům. 
650 0 4 |a Pedagogika 
856 4 0 |u https://www.bookport.cz/AccountSaml/SignIn/?idp=https://shibboleth.utb.cz/idp/shibboleth&returnUrl=/kniha/metody-pedagogickeho-vyzkumu-1421/  |y Dostupné v BOOKPORT po přihlášení pomocí eduID